Fully Landlocked US States - Sudden Death - Statistics

General Stats
  • This quiz has been taken 12 times
    4 since last reset
  • The average score is 17 of 20
Answer Stats
Answer % Correct
Arizona
100%
Colorado
100%
Iowa
100%
Kansas
100%
Kentucky
100%
Nebraska
100%
Oklahoma
100%
West Virginia
100%
Wyoming
100%
Arkansas
75%
Idaho
75%
Missouri
75%
Montana
75%
Nevada
75%
New Mexico
75%
North Dakota
75%
South Dakota
75%
Tennessee
75%
Utah
75%
Vermont
50%
No matching quizzes found
Score Distribution
Percent of People with Each Score
Percentile by Number Answered
Your Score History
You have not taken this quiz since the last reset